| 000 -LEADER |
| fixed length control field |
01364nam a22002417a 4500 |
| 003 - CONTROL NUMBER IDENTIFIER |
| control field |
OSt |
| 005 - DATE AND TIME OF LATEST TRANSACTION |
| control field |
20240823084823.0 |
| 008 - FIXED-LENGTH DATA ELEMENTS--GENERAL INFORMATION |
| fixed length control field |
240823b ||||| |||| 00| 0 eng d |
| 020 ## - INTERNATIONAL STANDARD BOOK NUMBER |
| International Standard Book Number |
9781108810845 |
| 040 ## - CATALOGING SOURCE |
| Transcribing agency |
KH8 |
| 082 ## - DEWEY DECIMAL CLASSIFICATION NUMBER |
| Classification number |
428.24 BOY |
| 100 ## - MAIN ENTRY--PERSONAL NAME |
| Personal name |
Boylan, Jane, |
| Relator term |
author |
| 245 ## - TITLE STATEMENT |
| Title |
Cambridge Global English : |
| Remainder of title |
Learner's Book 5 / |
| Statement of responsibility, etc. |
Jane Boylan & Claire Medwell. |
| 260 ## - PUBLICATION, DISTRIBUTION, ETC. |
| Place of publication, distribution, etc. |
Cambridge; |
| Name of publisher, distributor, etc. |
Cambridge University Press, |
| Date of publication, distribution, etc. |
2021 |
| 300 ## - PHYSICAL DESCRIPTION |
| Extent |
160 pages: |
| Other physical details |
color illustrations ; |
| Dimensions |
22 cm. |
| 500 ## - GENERAL NOTE |
| General note |
Includes digital access |
| 520 ## - SUMMARY, ETC. |
| Summary, etc. |
With international cross-curricular topics, from culture and food to rainforests and animal habitats, the series helps your class develop the skills to study across the curriculum in English. Packed with literature and games, the course helps your learners become confident communicators. Step-by-step writing activities with models support them to develop their writing, while tip boxes help with language and skills. Each unit ends with a ‘Project Challenge’ where learners work together on cross-curricular projects like a food diary or classroom display, developing collaboration and critical thinking skills. |
| 650 ## - SUBJECT ADDED ENTRY--TOPICAL TERM |
| Topical term or geographic name entry element |
English language |
| 650 ## - SUBJECT ADDED ENTRY--TOPICAL TERM |
| Topical term or geographic name entry element |
English language Textbooks for foreign speakers |
| 650 ## - SUBJECT ADDED ENTRY--TOPICAL TERM |
| Topical term or geographic name entry element |
Textbooks for foreign speakers |
| 700 ## - ADDED ENTRY--PERSONAL NAME |
| Personal name |
Medwell, Claire, |
| Relator term |
author. |
| 942 ## - ADDED ENTRY ELEMENTS (KOHA) |
| Source of classification or shelving scheme |
|
| Koha item type |
Teaching Resources |